Estação Brooklyn Terminal Cosmos (Registo nº 5985)
[ vista simples ]
| 000 -Etiqueta do registo | |
|---|---|
| Valores | 00765nam a2200241 4500 |
| 010 ## - Número ISBN | |
| ISBN | 9724503062 |
| 021 ## - Número do Depósito Legal | |
| Número | 5671/84 |
| 100 ## - Dados gerais de processamento | |
| Dados gerais | 20211231d1981 k||y0pory5003 ba |
| 200 1# - Titulo e menção de responsabilidade | |
| Título próprio | Estação Brooklyn Terminal Cosmos |
| Primeira menção de responsabilidade | J.- C. Mezieres e P. Christin |
| Outras menções de responsabilidade | cor E. Tran-Lê |
| 210 ## - Publicação | |
| Local de publicação | Lisboa |
| Nome do editor | Meribérica/Liber |
| Data de publicação | D.L. 1984 |
| 215 ## - Descrição física | |
| Paginação / Volumes | 47 p. |
| Outras indicações físicas | principalmente il. color. |
| 225 2# - Colecção | |
| Título próprio da colecção | VALERIAN agente espácio-temporal |
| 304 ## - Nota relativa ao título | |
| Texto de nota | Tít. ori.: Brooklyn Station Terminus Cosmos |
| 606 ## - Nome comum usado como assunto | |
| ID Autoridade | 1862 |
| Palavra de ordem | Banda Desenhada |
| 675 ## - CDU | |
| Notação | 82-9 |
| Edição | med |
| Língua | por |
| 700 ## - Autor principal (pessoa individual) | |
| Apelido | Mezieres |
| Nome | J.-C. |
| Datas | 1938- |
| ID Autoridade | 4751 |
| 701 ## - Co-autor principal (pessoa individual) | |
| Apelido | Christin |
| Nome | P. |
| Datas | 1938- |
| ID Autoridade | 4752 |
| 702 ## - Autor secundário (pessoa individual) | |
| Apelido | Tran-Lê |
| Nome | E. |
| ID Autoridade | 5664 |
| 801 #0 - Fonte de origem | |
| País | PT |
| Agência | BMVN |
| Regras de catalogação | RPC |
| 830 ## - Notas gerais do catalogador | |
| Criado por | Inês Silva |
| Data de criação | 31/12/2021 |
| 990 ## - Elementos KOHA | |
| Tipo de documento | Livro |
| Situação do levantamento | Biblioteca de origem | Código de barras | Cota | Permissão de empréstimo | Tipo de documento | Forma de aquisição |
|---|---|---|---|---|---|---|
| Biblioteca Municipal de Vendas Novas | 100000002105 | BD VAL/CID | Livro |